[Event "Gent (Women) op"]
[Site "Gent"]
[Date "2024.01.07"]
[Round "7"]
[White "Vermeulen, Hailey"]
[Black "Dierckens, Sarah"]
[Result "0-1"]
[WhiteElo "1287"]
[BlackElo "1868"]
[PlyCount "70"]
[EventDate "2024.01.03"]
[EventType "swiss"]
[EventRounds "7"]
[EventCountry "BEL"]
[SourceTitle "CB09_2024"]
[SourceDate "2024.02.28"]
[SourceVersion "1"]
[SourceVersionDate "2024.02.28"]
[SourceQuality "1"]

1. e4 c5 2. Nf3 d6 3. Bb5+ Bd7 4. Bxd7+ Qxd7 5. 0-0 Nc6 6. c3 g6 7. d4 cxd4 8. cxd4 Bg7 9. Nc3 e6 10. Be3 Nge7 11. Qd2 0-0 12. Bh6 d5 13. Bxg7 Kxg7 14. exd5 Nxd5 15. Ne5 Qd8 16. Nxc6 bxc6 17. Nxd5 Qxd5 18. Qc3 Rfd8 19. Rfd1 e5 20. Qc5 exd4 21. Qxd5 Rxd5 22. Rac1 c5 23. Kf1 Re8 24. Re1 Rde5 25. Rxe5 Rxe5 26. Rc4 Kf6 27. f4 Rd5 28. Ke2 Kf5 29. g3 Kg4 30. Kd3 Kf3 31. Rc2 h5 32. Rd2 Rd7 33. Kc4 Ke3 34. Rd3+ Ke2 35. Ra3 d3 0-1

[Event "Gent (Women) op"]
[Site "Gent"]
[Date "2024.01.04"]
[Round "2"]
[White "Dierckens, Sarah"]
[Black "D'Elia, Michele"]
[Result "1-0"]
[WhiteElo "1868"]
[BlackElo "1431"]
[PlyCount "45"]
[EventDate "2024.01.03"]
[EventType "swiss"]
[EventRounds "7"]
[EventCountry "BEL"]
[SourceTitle "CB09_2024"]
[SourceDate "2024.02.28"]
[SourceVersion "1"]
[SourceVersionDate "2024.02.28"]
[SourceQuality "1"]

1. e4 g6 2. d4 Bg7 3. Nf3 d6 4. Nc3 Nf6 5. h3 c6 6. Be3 b5 7. Bd3 0-0 8. Qd2 Re8 9. Bh6 b4 10. Ne2 a5 11. Bxg7 Kxg7 12. e5 Nd5 13. h4 h5 14. Ng3 Bg4 15. Nh2 Rh8 16. Nxg4 hxg4 17. Qg5 e6 18. Qxg4 f5 19. Bxf5 exf5 20. Nxf5+ Kf7 21. Nxd6+ Ke7 22. Qxg6 Kd7 23. Nf7 1-0

[Event "EU-chT (Women) 23rd"]
[Site "Terme Catez"]
[Date "2021.11.18"]
[Round "6.4"]
[White "Dierckens, Sarah"]
[Black "Mayrhuber, Nikola"]
[Result "0-1"]
[WhiteElo "1795"]
[BlackElo "2091"]
[PlyCount "88"]
[EventDate "2021.11.12"]
[EventType "team-swiss"]
[EventRounds "9"]
[EventCountry "SLO"]
[SourceTitle "CBM 205"]
[Source "ChessBase"]
[SourceDate "2021.12.31"]
[SourceVersion "1"]
[SourceVersionDate "2021.12.31"]
[SourceQuality "1"]
[WhiteTeam "Belgium (W)"]
[BlackTeam "Austria (W)"]
[WhiteTeamCountry "BEL"]
[BlackTeamCountry "AUT"]

1. e4 e6 2. d4 d5 3. Nc3 Nf6 4. Bg5 dxe4 5. Nxe4 Be7 6. Bxf6 gxf6 7. Nf3 f5 8. Ned2 c5 9. c3 Nc6 10. Bb5 Bd7 11. Nb3 cxd4 12. Nbxd4 Qb6 13. Qe2 Rg8 14. 0-0-0 0-0-0 15. Bxc6 Bxc6 16. Nxc6 bxc6 17. Nd4 Bg5+ 18. Kb1 Kb7 19. Qe5 Rd5 20. Qe2 Bf6 21. Qh5 Rg7 22. Qh6 Bxd4 23. Rxd4 Rxd4 24. Qxg7 Rd2 25. c4 Qxf2 26. Qxf7+ Kb6 27. Qf6 Qxg2 28. Rc1 Qe4+ 29. Ka1 Qd4 30. Qxd4+ Rxd4 31. b3 e5 32. Re1 e4 33. Kb1 f4 34. Kc2 e3 35. Re2 Kc5 36. Kc3 Rd1 37. Kc2 Rf1 38. Kd3 Kb4 39. Kd4 Rf2 40. Kd3 Rxe2 41. Kxe2 Kc3 42. h4 h5 43. Ke1 f3 44. c5 a5 0-1

[Event "Charleroi op"]
[Site "Roux"]
[Date "2019.07.30"]
[Round "5"]
[White "Dierckens, Sarah"]
[Black "Zamparo, Sergio"]
[Result "1/2-1/2"]
[WhiteElo "1770"]
[BlackElo "2031"]
[PlyCount "52"]
[EventDate "2019.07.27"]
[EventType "swiss"]
[EventRounds "9"]
[EventCountry "BEL"]
[SourceTitle "CBM 191 Extra"]
[Source "ChessBase"]
[SourceDate "2019.09.30"]
[SourceVersion "1"]
[SourceVersionDate "2019.09.30"]
[SourceQuality "1"]

1. e4 d6 2. d4 Nf6 3. Nc3 e5 4. dxe5 dxe5 5. Qxd8+ Kxd8 6. Nf3 Bd6 7. Bc4 Be6 8. Bxe6 fxe6 9. h3 Ke7 10. Be3 Nc6 11. 0-0-0 a6 12. Nd2 b5 13. g4 Na5 14. a3 b4 15. axb4 Bxb4 16. Na4 Rhd8 17. c3 Bd6 18. Nc5 Kf7 19. Kc2 Bxc5 20. Bxc5 Nc6 21. g5 Nh5 22. Nc4 Ke8 23. Rxd8+ Kxd8 24. Ra1 Kc8 25. b4 Kb7 26. Rd1 Kc8 1/2-1/2

[Event "BEL-ch op"]
[Site "Niel"]
[Date "2017.07.05"]
[Round "5"]
[White "Dierckens, Sarah"]
[Black "Boons, Bert"]
[Result "0-1"]
[WhiteElo "1792"]
[BlackElo "1968"]
[PlyCount "44"]
[EventDate "2017.07.01"]
[EventType "swiss"]
[EventRounds "9"]
[EventCountry "BEL"]
[SourceTitle "EXT 2018"]
[Source "ChessBase"]
[SourceDate "2017.10.13"]
[SourceVersion "1"]
[SourceVersionDate "2017.10.13"]
[SourceQuality "1"]

1. e4 d6 2. d4 Nf6 3. Nc3 Nbd7 4. f4 c6 5. Nf3 Qc7 6. e5 Nd5 7. Ne4 dxe5 8. fxe5 e6 9. Nfd2 Ne3 10. Qh5 Nxc2+ 11. Kd1 Nxd4 12. Nc4 g6 13. Qg5 Nf5 14. g4 Bh6 15. Qxf5 exf5 16. Ned6+ Ke7 17. Bxh6 Nxe5 18. Bf4 Nxc4 19. Nxf5+ Bxf5 20. Bxc7 Bxg4+ 21. Kc1 Be6 22. b3 Nd6 0-1

[Event "BEL-ch op"]
[Site "Niel"]
[Date "2017.07.01"]
[Round "1"]
[White "Dierckens, Sarah"]
[Black "Gitu, Paula Alexandra"]
[Result "1/2-1/2"]
[WhiteElo "1792"]
[BlackElo "1987"]
[PlyCount "57"]
[EventDate "2017.07.01"]
[EventType "swiss"]
[EventRounds "9"]
[EventCountry "BEL"]
[SourceTitle "EXT 2018"]
[Source "ChessBase"]
[SourceDate "2017.10.13"]
[SourceVersion "1"]
[SourceVersionDate "2017.10.13"]
[SourceQuality "1"]

1. e4 d6 2. d4 Nf6 3. Nc3 e5 4. dxe5 dxe5 5. Qxd8+ Kxd8 6. Bg5 Be6 7. 0-0-0+ Kc8 8. Nf3 Nbd7 9. Bb5 c6 10. Ba4 Bb4 11. Bxf6 gxf6 12. Bb3 Kc7 13. Ne2 Bc5 14. Rhf1 Rhg8 15. Ng3 a5 16. Nd2 a4 17. Bxe6 fxe6 18. f4 exf4 19. Rxf4 Bd6 20. Rh4 Rg7 21. Ne2 Rxg2 22. Nd4 Re8 23. Nc4 Nf8 24. Nb5+ cxb5 25. Nxd6 Rd8 26. Nxb5+ Kc8 27. Na7+ Kc7 28. Nb5+ Kc8 29. Na7+ 1/2-1/2

[Event "Olympiad Women-42"]
[Site "Baku"]
[Date "2016.09.03"]
[Round "2.20"]
[White "Gevorgyan, Irina"]
[Black "Dierckens, Sarah"]
[Result "1-0"]
[WhiteElo "2324"]
[BlackElo "1830"]
[PlyCount "129"]
[EventDate "2016.09.02"]
[EventType "team-swiss"]
[EventRounds "11"]
[EventCountry "AZE"]
[SourceTitle "CBM 174 Extra"]
[Source "ChessBase"]
[SourceDate "2016.10.10"]
[SourceVersion "1"]
[SourceVersionDate "2016.10.10"]
[SourceQuality "1"]
[WhiteTeam "Uzbekistan (W)"]
[BlackTeam "Belgium (W)"]
[WhiteTeamCountry "UZB"]
[BlackTeamCountry "BEL"]

1. Nf3 Nf6 2. c4 c5 3. Nc3 Nc6 4. g3 b6 5. Bg2 Bb7 6. 0-0 g6 7. e4 Bg7 8. h3 d6 9. d3 Nd7 10. Be3 0-0 11. d4 cxd4 12. Nxd4 Nce5 13. Qe2 Rc8 14. b3 Nc5 15. Rfd1 Qd7 16. Rac1 Nc6 17. Nd5 e6 18. Nc3 f5 19. Ndb5 Be5 20. f4 Bxc3 21. Nxc3 fxe4 22. Nxe4 Nxe4 23. Bxe4 Ne7 24. Bxb7 Qxb7 25. Bf2 e5 26. Rxd6 Nf5 27. Re6 exf4 28. gxf4 Qf7 29. Rd1 Rce8 30. Rxe8 Rxe8 31. Qf3 Qg7 32. Qc6 Rf8 33. Qd5+ Kh8 34. Qe5 Qxe5 35. fxe5 Re8 36. Rd7 Re7 37. Rd8+ Kg7 38. Be1 Kf7 39. Bc3 Ke6 40. Rc8 Rd7 41. Rc6+ Ke7 42. Bb4+ Kd8 43. Rf6 a5 44. Bd6 Kc8 45. Kf2 Nxd6 46. exd6 Kb7 47. Ke3 Kc6 48. Ke4 Rxd6 49. Ke5 Rxf6 50. Kxf6 b5 51. Kg7 bxc4 52. bxc4 Kc5 53. Kxh7 Kxc4 54. Kxg6 Kb4 55. h4 Ka3 56. h5 Kxa2 57. h6 a4 58. h7 a3 59. h8Q Kb1 60. Qb8+ Kc2 61. Qc7+ Kb2 62. Qb6+ Kc3 63. Qa5+ Kb3 64. Qb5+ Ka2 65. Qb4 1-0

[Event "World Amateur-ch (Women)"]
[Site "Chalkidiki"]
[Date "2015.04.15"]
[Round "3"]
[White "Dierckens, Sarah"]
[Black "Mc Roberts, Holly J"]
[Result "0-1"]
[WhiteElo "1870"]
[BlackElo "1733"]
[PlyCount "68"]
[EventDate "2015.04.14"]
[EventType "team-swiss"]
[EventRounds "9"]
[EventCountry "GRE"]
[SourceTitle "CBM 166 Extra"]
[Source "ChessBase"]
[SourceDate "2015.06.18"]
[SourceVersion "1"]
[SourceVersionDate "2015.06.18"]
[SourceQuality "1"]

1. e4 c5 2. Nf3 d6 3. d4 cxd4 4. Nxd4 Nf6 5. Nc3 g6 6. f3 Bg7 7. Be3 0-0 8. Bc4 Nc6 9. Qd2 Bd7 10. 0-0-0 Ne5 11. Be2 Rc8 12. Bh6 Nc4 13. Bxc4 Rxc4 14. h4 Rxd4 15. Qxd4 Bxh6+ 16. Kb1 Qa5 17. g4 Bg7 18. Qe3 Rc8 19. h5 Be6 20. Nd5 Bxd5 21. exd5 Nxd5 22. Qb3 e6 23. Qxb7 Qc5 24. Qb3 a5 25. hxg6 hxg6 26. a4 Qc7 27. Rd2 Rb8 28. Qd3 Bxb2 29. c4 Bc3+ 30. Kc1 Bxd2+ 31. Kxd2 Nf4 32. Qd4 e5 33. Qe4 Qc5 34. Ke1 Kg7 0-1

[Event "Olympiad Women-41"]
[Site "Tromsoe"]
[Date "2014.08.12"]
[Round "10.4"]
[White "Rodsmoen, Maud"]
[Black "Dierckens, Sarah"]
[Result "1-0"]
[WhiteElo "1805"]
[BlackElo "1873"]
[PlyCount "98"]
[EventDate "2014.08.02"]
[EventType "team-swiss"]
[EventRounds "11"]
[EventCountry "NOR"]
[SourceTitle "CBM 162"]
[Source "ChessBase"]
[SourceDate "2014.09.17"]
[SourceVersion "1"]
[SourceVersionDate "2014.09.17"]
[SourceQuality "1"]
[WhiteTeam "Norway (W) III"]
[BlackTeam "Belgium (W)"]
[WhiteTeamCountry "NOR"]
[BlackTeamCountry "BEL"]

1. e4 e6 2. d4 d5 3. Nc3 Nf6 4. Bg5 Be7 5. e5 Nfd7 6. Bxe7 Qxe7 7. f4 a6 8. Nf3 c5 9. Qd2 Nc6 10. dxc5 Qxc5 11. Bd3 b5 12. Ne2 Nb4 13. a3 Nxd3+ 14. cxd3 Bb7 15. Rc1 Qb6 16. d4 0-0 17. 0-0 f6 18. Rc2 Rac8 19. Rfc1 Rxc2 20. Rxc2 fxe5 21. fxe5 a5 22. b4 axb4 23. Qxb4 Nb8 24. Rb2 Nc6 25. Qxb5 Qxb5 26. Rxb5 Ba6 27. Rb6 Bxe2 28. Rxc6 Bxf3 29. gxf3 Rxf3 30. Rxe6 Rxa3 31. Rd6 Ra5 32. Rd7 g5 33. Kg2 h5 34. e6 Ra2+ 35. Kf3 Ra3+ 36. Ke2 Ra2+ 37. Kd3 Ra3+ 38. Kc2 Ra2+ 39. Kb3 Rxh2 40. Rd8+ Kg7 41. e7 Re2 42. e8Q Rxe8 43. Rxe8 h4 44. Re5 Kf6 45. Kc3 h3 46. Kd3 h2 47. Re1 g4 48. Ke3 Kf5 49. Rh1 g3 1-0

[Event "Olympiad Women-41"]
[Site "Tromsoe"]
[Date "2014.08.04"]
[Round "3.4"]
[White "Ramirez Gonzalez, Maria Jose"]
[Black "Dierckens, Sarah"]
[Result "1-0"]
[WhiteElo "1764"]
[BlackElo "1873"]
[PlyCount "109"]
[EventDate "2014.08.02"]
[EventType "team-swiss"]
[EventRounds "11"]
[EventCountry "NOR"]
[SourceTitle "CBM 162"]
[Source "ChessBase"]
[SourceDate "2014.09.17"]
[SourceVersion "1"]
[SourceVersionDate "2014.09.17"]
[SourceQuality "1"]
[WhiteTeam "Costa Rica (W)"]
[BlackTeam "Belgium (W)"]
[WhiteTeamCountry "CRI"]
[BlackTeamCountry "BEL"]

1. d4 Nf6 2. Nf3 c5 3. c3 e6 4. Bf4 Nc6 5. e3 Nh5 6. Bg5 Qb6 7. b3 h6 8. Bh4 g5 9. Nfd2 Ng7 10. Nc4 Qd8 11. Bg3 Nf5 12. Be5 Nxe5 13. Nxe5 d6 14. Bb5+ Ke7 15. Nf3 cxd4 16. e4 Ng7 17. Qxd4 e5 18. Qd5 Qc7 19. 0-0 Be6 20. Qd1 Rd8 21. c4 a6 22. Ba4 Rb8 23. Qd3 f5 24. exf5 Bxf5 25. Qe2 Ne6 26. Nc3 Qa5 27. Nd5+ Kf7 28. Nxe5+ Kg8 29. Nd7 b5 30. Nxb8 bxa4 31. Nc6 Qc5 32. Nce7+ Bxe7 33. Nxe7+ Kf7 34. b4 Nf4 35. Qf3 Qe5 36. Rfe1 Qf6 37. Qb7 Ne2+ 38. Kf1 Qxe7 39. Qxe7+ Kxe7 40. Rxe2+ Kd7 41. Rd1 Kc6 42. a3 Rd8 43. Re7 h5 44. Rd5 Bg6 45. f3 g4 46. Rg7 Bc2 47. fxg4 Be4 48. Rd4 d5 49. cxd5+ Bxd5 50. Kf2 hxg4 51. Rdxg4 Kb5 52. Rf4 Ba8 53. Rg5+ Kb6 54. Rf6+ Bc6 55. Rc5 1-0

[Event "EU-chT (Women) 19th"]
[Site "Warsaw"]
[Date "2013.11.17"]
[Round "9.48"]
[White "Unuk, Laura"]
[Black "Dierckens, Sarah"]
[Result "1-0"]
[WhiteElo "1991"]
[BlackElo "1872"]
[PlyCount "37"]
[EventDate "2013.11.08"]
[EventType "team-swiss"]
[EventRounds "9"]
[EventCountry "POL"]
[SourceTitle "EXT 2014"]
[Source "ChessBase"]
[SourceDate "2013.11.20"]
[SourceVersion "1"]
[SourceVersionDate "2013.11.20"]
[SourceQuality "1"]
[WhiteTeam "Slovenia (W)"]
[BlackTeam "Belgium (W)"]
[WhiteTeamCountry "SLO"]
[BlackTeamCountry "BEL"]

1. Nf3 Nf6 2. c4 c5 3. Nc3 Nc6 4. g3 e6 5. Bg2 d5 6. cxd5 exd5 7. d4 c4 8. 0-0 Bd6 9. Bg5 Be6 10. Bxf6 Qxf6 11. e4 Bb4 12. Nxd5 Qd8 13. Nxb4 Nxb4 14. Qa4+ Nc6 15. d5 Bxd5 16. exd5 Qxd5 17. Ne5 Qxe5 18. Rfe1 Qxe1+ 19. Rxe1+ 1-0

[Event "EU-chT (Women) 19th"]
[Site "Warsaw"]
[Date "2013.11.15"]
[Round "7.8"]
[White "Dierckens, Sarah"]
[Black "Cosma, Elena Luminita"]
[Result "1/2-1/2"]
[WhiteElo "1872"]
[BlackElo "2326"]
[PlyCount "130"]
[EventDate "2013.11.08"]
[EventType "team-swiss"]
[EventRounds "9"]
[EventCountry "POL"]
[SourceTitle "EXT 2014"]
[Source "ChessBase"]
[SourceDate "2013.11.20"]
[SourceVersion "1"]
[SourceVersionDate "2013.11.20"]
[SourceQuality "1"]
[WhiteTeam "Belgium (W)"]
[BlackTeam "Romania (W)"]
[WhiteTeamCountry "BEL"]
[BlackTeamCountry "ROU"]

1. e4 e6 2. d4 d5 3. Nc3 h6 4. e5 c5 5. f4 cxd4 6. Qxd4 Ne7 7. Nb5 Nec6 8. Qf2 a6 9. Nc3 Nd7 10. Be3 b5 11. 0-0-0 Bb7 12. Nf3 b4 13. Ne2 Rc8 14. Ned4 Nxd4 15. Nxd4 Nc5 16. f5 exf5 17. Nxf5 Ne4 18. Qf4 g6 19. Nd4 Bg7 20. e6 0-0 21. exf7+ Rxf7 22. Qg4 Qd6 23. Ne6 Nf6 24. Qh3 Qd7 25. Nxg7 Qxh3 26. gxh3 Kxg7 27. Rg1 Ne4 28. Bd3 Kh7 29. Rdf1 Rcf8 30. Rxf7+ Rxf7 31. Rf1 Rxf1+ 32. Bxf1 g5 33. Bd3 Kg6 34. Bc5 a5 35. Bb6 a4 36. Bc5 b3 37. axb3 axb3 38. cxb3 Bc8 39. b4 Bxh3 40. b5 Bc8 41. Bxe4+ dxe4 42. Kd2 Kf5 43. Ke3 Bb7 44. Kf2 h5 45. Be3 h4 46. b6 g4 47. b3 Bc6 48. Bd2 Bb7 49. Be3 Bc8 50. Kg2 Ke5 51. Kf2 Kf6 52. Kg2 Kf5 53. Kf2 Bb7 54. Bd2 g3+ 55. hxg3 h3 56. Kg1 Kg4 57. Kh2 Bc8 58. b4 Ba6 59. b5 Bc8 60. Bf4 Bb7 61. Bd2 Bd5 62. Bf4 Ba8 63. Bd2 Bb7 64. Bf4 Bc8 65. Bd2 Bb7 1/2-1/2

[Event "EU-chT (Women) 19th"]
[Site "Warsaw"]
[Date "2013.11.12"]
[Round "5.15"]
[White "Purgar, Ivona"]
[Black "Dierckens, Sarah"]
[Result "0-1"]
[WhiteElo "2136"]
[BlackElo "1872"]
[PlyCount "138"]
[EventDate "2013.11.08"]
[EventType "team-swiss"]
[EventRounds "9"]
[EventCountry "POL"]
[SourceTitle "EXT 2014"]
[Source "ChessBase"]
[SourceDate "2013.11.20"]
[SourceVersion "1"]
[SourceVersionDate "2013.11.20"]
[SourceQuality "1"]
[WhiteTeam "Croatia (W)"]
[BlackTeam "Belgium (W)"]
[WhiteTeamCountry "CRO"]
[BlackTeamCountry "BEL"]

1. e4 e6 2. d4 d5 3. Nc3 Nf6 4. Bg5 Be7 5. e5 Nfd7 6. h4 Bxg5 7. hxg5 Qxg5 8. Qd3 h6 9. Nh3 Qd8 10. 0-0-0 a6 11. Qg3 Kf8 12. Nf4 c5 13. dxc5 Nc6 14. Nd3 Qa5 15. Kb1 Nxc5 16. Nxc5 Qxc5 17. f4 b5 18. Qh4 Bb7 19. Bd3 Nb4 20. f5 Nxd3 21. Rxd3 exf5 22. Qf4 Rc8 23. Rd2 d4 24. Rxd4 Be4 25. Qd2 Qxe5 26. Re1 g5 27. Nxe4 fxe4 28. Rdxe4 Qf6 29. Qe2 Kg7 30. Rf1 Qg6 31. Re7 Rhf8 32. a3 Qc6 33. Re1 Kg8 34. Qf2 Rce8 35. g4 Rxe7 36. Rxe7 Qd6 37. Re1 Rd8 38. Rf1 Qe6 39. Qg2 Rd4 40. Rg1 Re4 41. Qg3 Re3 42. Qf2 Re2 43. Qg3 Qe4 44. Qc3 Qe3 45. Qxe3 Rxe3 46. b3 Kg7 47. Kb2 Kg6 48. Rd1 Re6 49. c4 bxc4 50. bxc4 f5 51. gxf5+ Kxf5 52. Kc3 g4 53. Rf1+ Ke4 54. Re1+ Kf5 55. Rf1+ Ke5 56. Re1+ Kd6 57. Rg1 Rg6 58. Kd4 g3 59. Rg2 Rg4+ 60. Ke3 Rxc4 61. Rd2+ Ke5 62. Rd3 Rg4 63. Rd1 h5 64. Kf3 g2 65. Rg1 Kd4 66. Kf2 Kc3 67. Rc1+ Kb2 68. Rg1 Kxa3 69. Ra1+ Kb2 0-1

[Event "Ghent VSF-chB"]
[Site "Ghent"]
[Date "2011.06.03"]
[Round "5"]
[White "Dierckens, Sarah"]
[Black "Boons, Patrick"]
[Result "0-1"]
[WhiteElo "1888"]
[BlackElo "2040"]
[PlyCount "54"]
[EventDate "2011.06.02"]
[EventType "swiss"]
[EventRounds "7"]
[EventCountry "BEL"]
[SourceTitle "CBM 143 Extra"]
[Source "ChessBase"]
[SourceDate "2011.08.29"]
[SourceVersion "1"]
[SourceVersionDate "2011.08.29"]
[SourceQuality "1"]

1. e4 d5 2. exd5 Nf6 3. c4 c6 4. dxc6 Nxc6 5. Nf3 e5 6. Nc3 Bc5 7. a3 e4 8. Ng5 Bxf2+ 9. Kxf2 Ng4+ 10. Ke1 Qxg5 11. d4 Qf5 12. Qd2 e3 13. Qd3 Qxd3 14. Bxd3 Nf2 15. Bxe3 Nxd3+ 16. Ke2 Nxb2 17. Nb5 0-0 18. Nd6 Rd8 19. c5 Na5 20. Rac1 Bg4+ 21. Kf1 Be6 22. Bg5 f6 23. Bd2 Nb3 24. Rc2 Nxd2+ 25. Rxd2 Nc4 26. Re2 Nxd6 27. Rxe6 Nf5 0-1

[Event "Ghent VSF-chB"]
[Site "Ghent"]
[Date "2011.06.02"]
[Round "2"]
[White "Van de Wynkele, Eric"]
[Black "Dierckens, Sarah"]
[Result "1-0"]
[WhiteElo "2084"]
[BlackElo "1888"]
[PlyCount "75"]
[EventDate "2011.06.02"]
[EventType "swiss"]
[EventRounds "7"]
[EventCountry "BEL"]
[SourceTitle "CBM 143 Extra"]
[Source "ChessBase"]
[SourceDate "2011.08.29"]
[SourceVersion "1"]
[SourceVersionDate "2011.08.29"]
[SourceQuality "1"]

1. e4 e6 2. d4 d5 3. Nc3 Nf6 4. e5 Nfd7 5. f4 c5 6. Nf3 Nc6 7. Be3 cxd4 8. Nxd4 a6 9. Qd2 Be7 10. 0-0-0 0-0 11. Rg1 Nb6 12. Qf2 Nxd4 13. Bxd4 Nd7 14. Bd3 f6 15. exf6 Nxf6 16. g3 b5 17. Rde1 b4 18. Na4 Rb8 19. b3 Bd7 20. Nb6 e5 21. Rxe5 Ng4 22. Qe2 Rxb6 23. Rxe7 Nf6 24. Bxb6 Qxb6 25. Re1 Qd4 26. Qe5 Qf2 27. Qg5 Rf7 28. R7e2 Qc5 29. Qe5 Ng4 30. Qb8+ Rf8 31. Qb7 Qc3 32. Qxd5+ Kh8 33. Kb1 Nf6 34. Qc4 Bg4 35. Qxc3 bxc3 36. Re5 Rc8 37. Bxa6 Rd8 38. Bd3 1-0

[Event "EU-ch U18 Girls"]
[Site "Herceg Novi"]
[Date "2005.09.17"]
[Round "4"]
[White "Dierckens, Sarah"]
[Black "Zakoucka, Adela"]
[Result "1/2-1/2"]
[WhiteElo "1851"]
[BlackElo "2031"]
[PlyCount "37"]
[EventDate "2005.09.14"]
[EventType "swiss"]
[EventRounds "9"]
[EventCountry "YUG"]
[SourceTitle "CBM 108 Extra"]
[Source "ChessBase"]
[SourceDate "2005.11.04"]
[SourceVersion "1"]
[SourceVersionDate "2005.11.04"]
[SourceQuality "1"]

1. e4 c5 2. Nf3 Nc6 3. d4 cxd4 4. Nxd4 g6 5. Nc3 Bg7 6. Be3 Nf6 7. Bc4 0-0 8. Bb3 a5 9. f3 d5 10. Bxd5 Nb4 11. Nde2 Qc7 12. a3 Nbxd5 13. exd5 Rd8 14. 0-0 e6 15. Nf4 exd5 16. Nb5 Qc4 17. Nd4 b5 18. Qd3 Bd7 19. Rfd1 1/2-1/2

[Event "EU-ch U18 Girls"]
[Site "Herceg Novi"]
[Date "2005.09.14"]
[Round "1"]
[White "Raeva, Elitsa"]
[Black "Dierckens, Sarah"]
[Result "1-0"]
[WhiteElo "2191"]
[BlackElo "1851"]
[PlyCount "57"]
[EventDate "2005.09.14"]
[EventType "swiss"]
[EventRounds "9"]
[EventCountry "YUG"]
[SourceTitle "CBM 108 Extra"]
[Source "ChessBase"]
[SourceDate "2005.11.04"]
[SourceVersion "1"]
[SourceVersionDate "2005.11.04"]
[SourceQuality "1"]

1. d4 d5 2. c4 e6 3. Nc3 Nf6 4. Bg5 Be7 5. Nf3 Nbd7 6. e3 c6 7. c5 0-0 8. Bd3 e5 9. dxe5 Ng4 10. Bf4 f6 11. exf6 Ngxf6 12. b4 Nh5 13. Bg3 Bf6 14. Qb3 Nxg3 15. hxg3 h6 16. Rd1 Kh8 17. Ne2 Ne5 18. Bb1 Nxf3+ 19. gxf3 Qc7 20. Nf4 Kg8 21. Kf1 Bg5 22. Qc2 Bf5 23. e4 Bxf4 24. exf5 Be5 25. f6 Rxf6 26. f4 Bxf4 27. gxf4 Qxf4 28. Rg1 Raf8 29. Rxg7+ 1-0

[Event "BEL-ch U20"]
[Site "Worriken Buetgenbach"]
[Date "2004.04.08"]
[Round "6.3"]
[White "De Bock, Lennart"]
[Black "Dierckens, Sarah"]
[Result "1/2-1/2"]
[WhiteElo "1860"]
[BlackElo "1594"]
[PlyCount "59"]
[EventDate "2004.04.03"]
[EventType "swiss"]
[EventRounds "9"]
[EventCountry "BEL"]
[SourceTitle "EXT 2006"]
[Source "ChessBase"]
[SourceDate "2005.11.24"]
[SourceVersion "1"]
[SourceVersionDate "2005.11.24"]
[SourceQuality "1"]

1. d4 d5 2. c4 e6 3. Nc3 Nf6 4. Bg5 Nbd7 5. Nf3 Be7 6. e3 0-0 7. Rc1 c6 8. Bd3 dxc4 9. Bxc4 Nd5 10. Bxe7 Qxe7 11. 0-0 N5b6 12. Bd3 e5 13. dxe5 Nxe5 14. Nxe5 Qxe5 15. h3 Be6 16. Qc2 g6 17. Rfd1 Rfd8 18. Ne4 Bf5 19. b3 Rxd3 20. Qxd3 Bxe4 21. Qd4 Qxd4 22. Rxd4 Bd5 23. e4 Be6 24. Rdd1 Kf8 25. g4 Ke7 26. b4 f5 27. exf5 gxf5 28. gxf5 Bxf5 29. Re1+ Kf8 30. Re5 1/2-1/2

[Event "BEL-ch U20"]
[Site "Worriken Buetgenbach"]
[Date "2004.04.03"]
[Round "1.1"]
[White "Vandenbussche, Thibaut"]
[Black "Dierckens, Sarah"]
[Result "1/2-1/2"]
[WhiteElo "2206"]
[BlackElo "1594"]
[PlyCount "65"]
[EventDate "2004.04.03"]
[EventType "swiss"]
[EventRounds "9"]
[EventCountry "BEL"]
[SourceTitle "EXT 2006"]
[Source "ChessBase"]
[SourceDate "2005.11.24"]
[SourceVersion "1"]
[SourceVersionDate "2005.11.24"]
[SourceQuality "1"]

1. e4 e6 2. d4 d5 3. Nc3 Nf6 4. Bg5 Be7 5. e5 Nfd7 6. Bxe7 Qxe7 7. f4 a6 8. Nf3 c5 9. dxc5 Qxc5 10. Qd2 Nc6 11. Bd3 0-0 12. 0-0-0 Nb4 13. Ng5 h6 14. Nh7 Rd8 15. Na4 Nxd3+ 16. Qxd3 Qb4 17. b3 Qxf4+ 18. Kb1 Nxe5 19. Qc3 Rd6 20. Rdf1 Qe4 21. Re1 Qxh7 22. Qc7 Nc4 23. bxc4 Rd7 24. Qc5 Rd8 25. Nb6 Bd7 26. Nxa8 Rxa8 27. Qc7 Bc6 28. Rhf1 Rf8 29. Rd1 Qg6 30. Rf2 dxc4 31. Rd8 Rxd8 32. Qxd8+ Kh7 33. Qe7 1/2-1/2